000 01273ncm a2200325 c 4500
700 _aПушкин, Александр Сергеевич
_d1799-1837
_9262126
999 _c296954
_d296954
003 BLK
005 20241018005342.0
008 180414b bul |a|er|||| |0| c|bulo|
010 _aNOT00000304000
040 _aBLK
041 _aRUS
_cRUS
080 _aОпера. Музикална драма. Романтична опера. Опера-приказка
_b782.1
_z782.1
100 _aЧайковски, Пьотър Илич
_9367519
139 _aЧайковски, Пьотър Илич
_bЧ 16
245 1 0 _aЕвгений Онегин
_bЛирические сцены в 3 д.
_cПьотър Илич Чайковски; по Александр Сергеевич Пушкин
_sОп.24
254 _aКлавир
257 _aRUS
260 _aМосква
_bГос. муз. изд. 18444
_c1964
300 _a288 с.
_c30 см
380 _a7
650 4 _aОпера - Русия
_9315979
653 _aОпера
653 _aЕвгени Онегин
852 _aЦб М ІІ 2978
_p0
_bЦб
856 4 _qpdf
_u
_i0.00
_ldisable
942 _cNOT
_n0
_s1
944 _aCR
_c15.11.2003
_k
_lCRON CRON
944 _aED
_c04.02.2015
_kИрена_Линкова